UBT Library

Systems approach to animal health and production / (Record no. 42392)

000 -LEADER
fixed length control field 00551cam a2200205 a 4500
001 - CONTROL NUMBER
control field 2383659
005 - DATE AND TIME OF LATEST TRANSACTION
control field 20180213073106.0
008 - FIXED-LENGTH DATA ELEMENTS--GENERAL INFORMATION
fixed length control field 850820s1981 kyua b s100 0 eng
010 ## - LIBRARY OF CONGRESS CONTROL NUMBER
LC control number 84622441
040 ## - CATALOGING SOURCE
Original cataloging agency DLC
Transcribing agency DLC
Modifying agency DLC
041 ## - LANGUAGE CODE
Language code of text/sound track or separate title eng
080 ## - UNIVERSAL DECIMAL CLASSIFICATION NUMBER
Universal Decimal Classification number 636.089 FRE
082 00 - DEWEY DECIMAL CLASSIFICATION NUMBER
Classification number 636.089 FRE
Edition number 19
100 ## - Rafti
Rafti 4
101 ## - Shkurtesa
Shkurtesa SHM
245 00 - TITLE STATEMENT
Title Systems approach to animal health and production /
Statement of responsibility, etc [Fred W. Knapp, editor].
504 ## - BIBLIOGRAPHY, ETC. NOTE
Bibliography, etc Includes bibliographies.
906 ## - LOCAL DATA ELEMENT F, LDF (RLIN)
a 7
b cbc
c orignew
d 3
e ncip
f 19
g y-gencatlg
942 ## - ADDED ENTRY ELEMENTS (KOHA)
Source of classification or shelving scheme
Item type Books
Holdings
Withdrawn status Lost status Source of classification or shelving scheme Damaged status Not for loan Collection code Permanent location Current location Shelving location Date acquired Total Checkouts Full call number Barcode Date last seen Price effective from Koha item type
          Koleksioni i përgjithshem UBT - Lipjan UBT - Lipjan Koleksioni i përgjithshem 02/13/2018   636.089 FRE 002-2997433 02/13/2018 02/13/2018 Books
UBT Library © 2015-2024. All rights reserved University Education for Business and Technology